| 000 | 00541nam a2200157 a 4500 | ||
|---|---|---|---|
| 008 | 120416s0000 ||||||||||||||||| || u | ||
| 020 | _a0135932289 | ||
| 050 | _aTK 5101 Sta | ||
| 100 | _aStark, Henry | ||
| 245 | 1 | 0 | _aModern electrical communications |
| 246 | _atheory and systems | ||
| 260 |
_aEnglewood Cliffs, N.J. _bFT Prentice-Hall _c1979 |
||
| 300 | _axvi, 601p. | ||
| 350 | _a0.00 | ||
| 995 |
_D0.00 _FCBU-MAIN LIBRARY (Kitwe) _H1 _I29.70 _M1 _UDAMAGED _ZMain Library Open Access Collection |
||
| 999 |
_c51449 _d51449 |
||